[Event "40th Asia-ch U20"]
[Site "Ulaanbaatar MGL"]
[Date "2018.08.24"]
[Round "8"]
[White "Krishna Teja, N"]
[Black "Batbold, Nyamsuren"]
[Result "1-0"]
[WhiteElo "2389"]
[BlackElo "1759"]
[EventDate "2018.08.19"]
[PlyCount "0"]

1.d4 d5 2.c4 c6 3.Nf3 Nf6 4.e3 Bf5 5.cxd5 cxd5 6.Nc3 e6 7.Ne5 Nc6 8.g4 Be4
9.f3 Bg6 10.h4 h6 11.Nxg6 fxg6 12.Bd3 Bd6 13.Bxg6+ Kf8 14.Kf2 Rc8 15.g5 
Ng8 16.f4 Nge7 17.Bd3 h5 18.Bd2 g6 19.Rc1 Kg7 20.Na4 b6 21.a3 Rf8 22.Kg2 
Nf5 23.b4 Qd7 24.Bxf5 exf5 25.Nb2 Qe6 26.Qf3 Qe4 27.Rc3 Ne7 28.Rhc1 Rxc3 
29.Rxc3 Rc8 30.Nd1 Qxf3+ 31.Kxf3 Rxc3 32.Nxc3 a6 33.Ke2 Kf7 34.Kd3 Ke6 35.
Kc2 b5 36.a4 Nc6 37.axb5 Nxb4+ 38.Kb3 axb5 39.Nxb5 Nc6 40.Ka4 Ke7 41.Nxd6 
Kxd6 42.Kb3 Na7 43.Ka4 Nc6 44.Bc1 Nb8 45.Ba3+ Kd7 46.Bf8 Ke6 47.Kb5 Nd7 
48.Bc5 Kf7 49.Kc6 Ke6 50.Kc7 1-0

[Event "40th Asia-ch U20"]
[Site "Ulaanbaatar MGL"]
[Date "2018.08.24"]
[Round "8"]
[White "Itgelt, Khuyagtsogt"]
[Black "Chinguun, Otgonbayar"]
[Result "0-1"]
[WhiteElo "2119"]
[BlackElo "1952"]
[EventDate "2018.08.19"]
[PlyCount "0"]

1.d4 d5 2.Nf3 Nf6 3.g3 Bf5 4.Bg2 h6 5.O-O e6 6.c4 c6 7.Nbd2 Nbd7 8.b3 Bd6 
9.Bb2 Qc7 10.e3 O-O 11.Qe2 Bh7 12.Rfc1 Rfe8 13.a3 Rac8 14.Ne1 Qb8 15.Nd3 
Bxd3 16.Qxd3 e5 17.cxd5 cxd5 18.b4 e4 19.Qb3 Rxc1+ 20.Rxc1 Rc8 21.Ra1 Bf8 
22.Bf1 Qd6 23.Nb1 Nb6 24.Bc3 Qd7 25.Ra2 Nc4 26.a4 Qf5 27.Qd1 Ng4 28.h3 Nf6
29.Be1 Nh7 30.Qg4 Qxg4 31.hxg4 Nf6 32.Rc2 Nb6 33.Rxc8 Nxc8 34.Be2 Bd6 35.
Nc3 Kf8 36.Nb5 Be7 37.Na3 Ke8 38.Nc2 Kd8 39.Na1 Nb6 40.a5 Nc4 41.Nb3 b6 
42.Bc3 Kc7 43.Kf1 Na3 44.Bd1 Ne8 45.Na1 Nd6 46.Nc2 Ndb5 47.Be1 Nc4 48.Be2 
g6 49.Kg2 Nba3 50.Nxa3 Nxa3 51.b5 Nc2 52.Bd2 Bb4 53.Bxb4 Nxb4 54.a6 Na2 
55.f4 exf3+ 56.Kxf3 Kd6 57.Bd3 Nc3 58.Kf4 Ke6 59.Kf3 Kf6 60.Kf4 Ke6 61.Kf3
Ke7 62.Kf2 Kf6 63.Kf3 Kg5 64.Bf1 Ne4 65.Bd3 Nf6 66.e4 dxe4+ 67.Bxe4 Nxg4 
68.Bd5 f5 69.Bc6 Kf6 70.Kf4 g5+ 71.Kf3 Ke6 72.Bb7 Nf6 73.Bc6 Kd6 74.Bb7 
Nd5 75.Bc8 f4 76.gxf4 Nxf4 77.Ke4 Ne6 78.Kd3 g4 79.Bb7 h5 80.Be4 h4 81.Ke3
h3 82.Kf2 Nxd4 83.Kg3 Ke5 84.Bd3 Nf5+ 85.Kh2 Kf4 86.Bc4 Ne3 87.Be2 Nf5 88.
Bc4 Kf3 89.Be6 Nd4 90.Bd5+ Kf2 91.Bc6 g3+ 92.Kxh3 Nxc6 93.bxc6 g2 0-1

[Event "40th Asia-ch U20"]
[Site "Ulaanbaatar MGL"]
[Date "2018.08.24"]
[Round "8"]
[White "Anand, Batsukh"]
[Black "Chinguun, Sumiya"]
[Result "1/2-1/2"]
[WhiteElo "1682"]
[BlackElo "2108"]
[EventDate "2018.08.19"]
[PlyCount "0"]

1.e4 c5 2.Nf3 e6 3.d3 Nc6 4.g3 g6 5.Bg2 Bg7 6.O-O d6 7.Re1 Nge7 8.a4 O-O 
9.c3 e5 10.Na3 h6 11.Nc4 Be6 12.Qe2 Qc7 13.Nfd2 b6 14.Ne3 Rad8 15.Nd5 Bxd5
16.exd5 Nb8 17.Nc4 Nd7 18.f4 Kh7 19.fxe5 Nxe5 20.Nxe5 dxe5 21.c4 Nf5 22.
Kh1 a5 23.Be3 Nxe3 24.Qxe3 f5 25.Rf1 Qd6 26.Rae1 Rf7 27.g4 Rdf8 28.Qh3 
fxg4 29.Qxg4 Rf6 30.Rxf6 Rxf6 31.Rf1 h5 32.Rxf6 Qxf6 33.Qe2 Bf8 34.Be4 Bh6
35.Qf3 Qxf3+ 36.Bxf3 Bf8 37.Kg2 Kh6 38.Be4 g5 39.h3 g4 40.h4 Kg7 41.Kg3 
Kf7 42.Kg2 Kf6 43.Kg3 Bh6 44.Kg2 Bd2 45.Kf2 Bf4 46.Kg2 1/2-1/2

[Event "40th Asia-ch U20"]
[Site "Ulaanbaatar MGL"]
[Date "2018.08.24"]
[Round "8"]
[White "Bulgankhan, Ganzorig"]
[Black "Amilal, Munkhdalai"]
[Result "1-0"]
[WhiteElo "2103"]
[BlackElo "1790"]
[EventDate "2018.08.19"]
[PlyCount "0"]

1.e4 c5 2.Nf3 d6 3.d4 cxd4 4.Nxd4 Nf6 5.Nc3 a6 6.h3 e6 7.g4 b5 8.Bg2 Bb7 
9.a3 Be7 10.O-O Qc7 11.Be3 Nc6 12.g5 Nd7 13.f4 O-O 14.Nde2 Na5 15.b3 Qd8 
16.Qe1 Re8 17.Qf2 Rc8 18.f5 exf5 19.Qxf5 Ne5 20.h4 Bc6 21.Bd4 Qd7 22.Qf2 
Bf8 23.Nf4 Qe7 24.Rae1 Ba8 25.Bh3 Nac6 26.Ncd5 Qb7 27.Bxc8 Qxc8 28.Bb2 Ne7
29.Bxe5 dxe5 30.Ng2 Nxd5 31.Qxf7+ Kh8 32.exd5 Bxa3 33.c4 Bb4 34.Rd1 bxc4 
35.bxc4 Rf8 36.Qe6 Qxc4 37.Rxf8+ Bxf8 38.Kh1 Bb7 39.Qf7 Qc8 40.Qe6 Qc4 41.
Qxe5 Qb3 42.Rf1 Qh3+ 43.Qh2 Qa3 44.Nf4 Bd6 45.Qg2 Qa4 46.Qf3 Bxf4 47.Qxf4 
Bxd5+ 48.Kg1 Qa2 49.Qf8+ Bg8 50.Qf2 Qc4 51.Qf4 Qb3 52.Rf3 Qb1+ 53.Kh2 Qc2+
54.Rf2 Qd1 55.Qf3 Qd6+ 56.Kg1 Qc5 57.Qf5 Qc1+ 58.Kh2 Qd1 59.Qf4 a5 60.Qd2 
Qa4 61.Rf4 Qb5 62.Re4 Qb8+ 63.Qf4 Qb2+ 64.Kg3 Qb3+ 65.Qe3 Qd1 66.Rd4 Qh1 
67.Rd8 a4 68.Rf8 1-0

[Event "40th Asia-ch U20"]
[Site "Ulaanbaatar MGL"]
[Date "2018.08.24"]
[Round "8"]
[White "Chinguun, Bayaraa"]
[Black "Tenuunbold, Battulga"]
[Result "1/2-1/2"]
[WhiteElo "1941"]
[BlackElo "1469"]
[EventDate "2018.08.19"]
[PlyCount "0"]

1.d4 d5 2.c4 c6 3.Nf3 Nf6 4.Nc3 e6 5.Bg5 Nbd7 6.e3 Qa5 7.Bxf6 Nxf6 8.Nd2 
Bb4 9.Qc2 O-O 10.Bd3 Bxc3 11.bxc3 dxc4 12.Nxc4 Qc7 13.h3 h6 14.O-O c5 15.
Qe2 Nd7 16.a4 b6 17.a5 Bb7 18.Rfb1 Bc6 19.e4 b5 20.Ne3 c4 21.Bc2 a6 22.e5 
f5 23.exf6 Nxf6 24.Ng4 Bd5 25.Ne5 Qb7 26.Ng6 Rfe8 27.Nf4 Qc7 28.Qe3 e5 29.
Nxd5 Nxd5 30.Qf3 Nf6 31.dxe5 Qxe5 32.Bg6 Red8 33.Re1 Qg5 34.Bf5 Re8 35.
Be6+ Kh8 36.Re3 Qc5 37.Rae1 Ra7 38.Re5 Qd6 39.Qe3 Rae7 40.f4 Nd5 41.Bxd5 
Rxe5 42.fxe5 Qxd5 43.e6 Re7 44.Qb6 Qd2 45.Qb8+ Kh7 46.Qe5 Qg5 47.Qd6 Qf6 
48.Re3 Qg5 49.Rg3 Rxe6 50.Qxe6 Qxg3 51.Qxa6 Qe1+ 52.Kh2 Qe5+ 1/2-1/2

[Event "40th Asia-ch U20"]
[Site "Ulaanbaatar MGL"]
[Date "2018.08.24"]
[Round "8"]
[White "Erdemdalai, Yondonjamts"]
[Black "Azjargal, Erdenebat"]
[Result "0-1"]
[WhiteElo "1788"]
[BlackElo "1564"]
[EventDate "2018.08.19"]
[PlyCount "0"]

1.e4 c5 2.Nf3 e6 3.d4 cxd4 4.Nxd4 a6 5.Bd3 Qc7 6.O-O Nf6 7.c4 d6 8.Qe2 
Nbd7 9.f4 b6 10.Nc3 Bb7 11.Bd2 h5 12.Nf3 h4 13.e5 dxe5 14.fxe5 Bc5+ 15.Kh1
Nh5 16.Nxh4 Nxe5 17.Be4 Nd7 18.Qf3 Ne5 19.Qe2 Nf6 20.Bxb7 Rxh4 21.Bf4 Qxb7
22.Bxe5 Nh5 23.Rf3 O-O-O 24.Raf1 Rh8 25.Qe1 Nf6 26.Na4 Be7 27.Kg1 Qc6 28.
b3 Re4 29.Qe3 Bc5 30.Kh1 Rxe5 31.Qxe5 Ng4 32.Qg3 Rxh2+ 33.Qxh2 Nxh2 34.
Kxh2 Bd6+ 35.g3 f5 36.Re3 Be7 37.Nc3 g5 38.Ne2 Qd7 39.Kg2 e5 40.Ref3 f4 
41.gxf4 exf4 42.R3f2 Qf5 43.Kh2 Qe5 44.Kg2 Kc7 45.Kh2 Qf6 46.Kh3 Qf5+ 47.
Kh2 Kd7 48.Kg2 Ke8 49.Kh2 Kf7 50.Kg2 Kg6 51.Rf3 Qe4 52.Ng1 g4 53.Kh2 gxf3 
54.Nxf3 Qc2+ 55.Kg1 Bb4 56.Nd4 Qd3 57.Rf3 Qxd4+ 58.Kg2 Kg5 59.Rf2 Kg4 60.
a4 a5 0-1

[Event "40th Asia-ch U20"]
[Site "Ulaanbaatar MGL"]
[Date "2018.08.24"]
[Round "8"]
[White "Khuslen, Altan-Ochir"]
[Black "Azhigulov, Nurmat"]
[Result "0-1"]
[WhiteElo "1780"]
[BlackElo "1721"]
[EventDate "2018.08.19"]
[PlyCount "0"]

1.e4 c5 2.Nf3 e6 3.g3 d5 4.exd5 exd5 5.Bg2 Nf6 6.O-O Be7 7.d4 O-O 8.dxc5 
Bxc5 9.a3 h6 10.b4 Bb6 11.Bb2 Bg4 12.h3 Bh5 13.Nc3 Nc6 14.Na4 Ne4 15.b5 
Ne7 16.g4 Bg6 17.Ne5 Bc7 18.Bxe4 Bxe4 19.Nc5 f6 20.Nxe4 fxe5 21.Ng3 Ng6 
22.Nf5 Nf4 23.Qf3 e4 24.Qb3 Rxf5 25.Rad1 Qh4 26.gxf5 Qg5+ 27.Qg3 Ne2+ 28.
Kh1 Nxg3+ 29.fxg3 Qxg3 30.Rd2 Qxh3+ 31.Kg1 Qe3+ 32.Rdf2 Bg3 33.f6 gxf6 34.
Kg2 Bxf2 35.Rxf2 Kh7 36.Kf1 Rg8 37.a4 Rg3 38.b6 axb6 39.a5 bxa5 40.c4 Rf3 
41.Rxf3 Qxf3+ 42.Kg1 e3 43.Bc3 e2 44.Bxa5 Qf1+ 45.Kh2 e1=Q 46.Bxe1 Qxe1 
47.cxd5 Qd2+ 48.Kh3 0-1

[Event "40th Asia-ch U20"]
[Site "Ulaanbaatar MGL"]
[Date "2018.08.24"]
[Round "8"]
[White "Erkhes, Bayartnar"]
[Black "Ulziikhishig, Khishigbat"]
[Result "0-1"]
[WhiteElo "1762"]
[BlackElo "1517"]
[EventDate "2018.08.19"]
[PlyCount "0"]

1.e4 c5 2.Nf3 Nc6 3.Bb5 e6 4.O-O Be7 5.d3 a6 6.Bxc6 bxc6 7.e5 f6 8.Re1 
fxe5 9.Nxe5 Nf6 10.Nd2 O-O 11.Ndc4 Qc7 12.Bf4 d6 13.Nf3 e5 14.Bg3 Nh5 15.
Qd2 Nxg3 16.hxg3 Bg4 17.Qe3 Bxf3 18.gxf3 Bf6 19.Kg2 Rae8 20.f4 Re7 21.fxe5
Bxe5 22.Nxe5 Rxe5 23.Qd2 Rfe8 24.f4 R5e6 25.Rxe6 Rxe6 26.Re1 Rxe1 27.Qxe1 
Kf7 28.Qe4 Qe7 29.Kf2 Qxe4 30.dxe4 g5 31.Kf3 Kg6 32.c4 h5 33.b3 a5 34.a4 
Kf6 35.Kg2 Kg6 36.Kf2 Kf6 37.Kf3 Kg6 38.Kg2 Kf6 39.g4 hxg4 40.f5 d5 41.
cxd5 cxd5 42.exd5 Kxf5 43.Kg3 Ke5 44.d6 Kxd6 45.Kxg4 Kd5 46.Kxg5 Kd4 47.
Kf4 Kc3 48.Ke3 Kxb3 49.Kd3 c4+ 50.Kd2 Kb2 51.Kd1 c3 52.Ke2 c2 53.Kd3 c1=Q 
54.Kd4 Qg5 55.Ke4 Kc3 56.Kf3 Kd3 57.Kf2 Qg4 58.Kf1 Ke3 59.Ke1 Qe2# 0-1

[Event "40th Asia-ch U20"]
[Site "Ulaanbaatar MGL"]
[Date "2018.08.25"]
[Round "9"]
[White "Suleymenov, Alisher"]
[Black "Priasmoro, Novendra"]
[Result "0-1"]
[WhiteElo "2343"]
[BlackElo "2485"]
[EventDate "2018.08.19"]
[PlyCount "0"]

1.d4 Nf6 2.c4 g6 3.Nc3 Bg7 4.e4 d6 5.Be2 O-O 6.Be3 Na6 7.Nf3 e5 8.O-O c6 
9.d5 Ng4 10.Bg5 f6 11.Bh4 c5 12.a3 h5 13.Ne1 Qe7 14.Nd3 Nh6 15.f4 g5 16.
fxg5 fxg5 17.Rxf8+ Bxf8 18.Bf2 g4 19.b4 b6 20.Be3 Nc7 21.Qd2 Nf7 22.Rf1 
Ne8 23.Bd1 Ba6 24.Bb3 Rc8 25.Qf2 Ng7 26.Ne2 Rc7 27.a4 Bc8 28.a5 h4 29.Nc3 
Nh5 30.Bd1 Bh6 31.Bxh6 Nxh6 32.Qe3 Kh7 33.Nb5 Rd7 34.Kh1 Qd8 35.Qf2 Rf7 
36.Qe1 Rg7 37.Rf2 cxb4 38.Nxb4 g3 39.Ra2 Nf4 40.Bf3 Qf6 41.axb6 axb6 42.
Nc6 Bg4 43.Bxg4 Nxg4 44.hxg3 Nd3 45.Qd2 Qf1# 0-1

[Event "40th Asia-ch U20"]
[Site "Ulaanbaatar MGL"]
[Date "2018.08.25"]
[Round "9"]
[White "Yakubboev, Nodirbek"]
[Black "Tengis, Tsog-Ochir"]
[Result "1/2-1/2"]
[WhiteElo "2512"]
[BlackElo "2186"]
[EventDate "2018.08.19"]
[PlyCount "0"]

1.d4 Nf6 2.c4 g6 3.g3 Bg7 4.Bg2 O-O 5.Nc3 c5 6.dxc5 Qa5 7.Qa4 Qxc5 8.Be3 
Qh5 9.h3 Nc6 10.g4 Qe5 11.Nf3 Qa5 12.Qxa5 Nxa5 13.Nd2 d6 14.Rc1 Be6 15.b3 
Nd7 16.Nf3 Rac8 17.Ng5 Bxc3+ 18.Rxc3 b5 19.Bd2 bxc4 20.Nxe6 fxe6 21.Re3 
cxb3 22.axb3 Nc6 23.Rxe6 Nc5 24.Re3 e5 25.b4 Ne6 26.Bd5 Nd4 27.Rd3 Kf7 28.
e3 Nb5 29.Ke2 Ke7 30.Ra1 Rc2 31.Kd1 Rcc8 32.Ra5 Rb8 33.Bc6 Nec7 34.f4 Rb6 
35.Be4 Rd8 36.Be1 Ke8 37.Bf3 a6 38.Bg3 d5 39.fxe5 d4 40.Kd2 Ne6 41.Ra1 
Nbc7 42.Bh4 g5 43.Bf2 Rxb4 44.Rc1 Nd5 45.Bxd5 Rxd5 46.exd4 Kd7 47.Kc3 Nf4 
48.Kxb4 Nxd3+ 49.Kc4 Rxd4+ 50.Bxd4 Nxc1 51.Be3 Ne2 52.Bxg5 Ke6 53.Kd3 Ng1 
54.Ke4 Nxh3 55.Be3 h6 56.Bxh6 Nf2+ 57.Kd4 1/2-1/2

[Event "40th Asia-ch U20"]
[Site "Ulaanbaatar MGL"]
[Date "2018.08.25"]
[Round "9"]
[White "Batsuren, Dambasuren"]
[Black "Gan-Erdene, Sugar"]
[Result "1-0"]
[WhiteElo "2446"]
[BlackElo "2309"]
[EventDate "2018.08.19"]
[PlyCount "0"]

1.d4 Nf6 2.c4 g6 3.Nc3 Bg7 4.Nf3 O-O 5.g3 d6 6.Bg2 Nc6 7.O-O Bf5 8.Ne1 Na5
9.e4 Bg4 10.f3 Bd7 11.Qe2 Nc6 12.Nc2 e5 13.dxe5 Nxe5 14.Be3 Be6 15.b3 Nc6 
16.Qd2 Nd7 17.Rad1 a5 18.f4 f6 19.Nd5 f5 20.exf5 Bxf5 21.Nd4 Nxd4 22.Bxd4 
Bxd4+ 23.Qxd4 Nc5 24.Rfe1 Be6 25.Re3 c6 26.Nc3 Bg4 27.Rd2 Re8 28.h3 Rxe3 
29.Qxe3 Bf5 30.g4 Be6 31.Na4 Bd7 32.Nxc5 dxc5 33.Qd3 Qf8 34.Qxd7 Qxf4 35.
Qe6+ Kh8 36.Rf2 Qd4 37.Qf6+ Kg8 38.Qxd4 cxd4 39.Rd2 c5 40.Bxb7 Re8 41.Kf2 
Re3 42.Bf3 Rc3 43.Re2 a4 44.bxa4 Kf8 45.Bd5 Rxh3 46.Bf3 h5 47.gxh5 d3 48.
Rd2 Rh4 49.Bd5 Rxh5 50.a5 Rh8 1-0

[Event "40th Asia-ch U20"]
[Site "Ulaanbaatar MGL"]
[Date "2018.08.25"]
[Round "9"]
[White "Agibileg, Uurtsaikh"]
[Black "Garidmagnai, Byambasuren"]
[Result "1-0"]
[WhiteElo "2302"]
[BlackElo "2128"]
[EventDate "2018.08.19"]
[PlyCount "0"]

1.d4 Nf6 2.c4 g6 3.Nc3 Bg7 4.e4 d6 5.Be2 O-O 6.Nf3 e5 7.O-O Nc6 8.d5 Ne7 
9.Nd2 a5 10.a3 Nd7 11.Rb1 f5 12.b4 Kh8 13.Qc2 f4 14.Nb5 b6 15.Bb2 g5 16.f3
h5 17.Nb3 a4 18.Nc1 Ng6 19.Nd3 Ba6 20.Qxa4 Nh4 21.c5 g4 22.cxd6 cxd6 23.
Kh1 Qg5 24.Ne1 Rg8 25.Nxd6 Qe7 26.Nb5 Bf6 27.Qd1 gxf3 28.gxf3 Rgc8 29.d6 
Qe6 30.Nc7 Bxe2 31.Qxe2 Qxd6 32.Na6 Nf8 33.Rd1 Qe7 34.Rd5 Rd8 35.Rg1 Rxd5 
36.exd5 Rd8 37.b5 Rxd5 38.Nb4 Rd6 39.Qe4 Nd7 40.Qa8+ Kh7 41.Qe4+ Kh6 42.
Ned3 Nc5 43.Qe2 Nxd3 44.Nxd3 Rd5 45.Nf2 Nf5 46.Ne4 h4 47.Bc1 Nd4 48.Qg2 
Rxb5 49.Qg6# 1-0

[Event "40th Asia-ch U20"]
[Site "Ulaanbaatar MGL"]
[Date "2018.08.25"]
[Round "9"]
[White "Amartuvshin, Ganzorig"]
[Black "Krishna Teja, N"]
[Result "1-0"]
[WhiteElo "2236"]
[BlackElo "2389"]
[EventDate "2018.08.19"]
[PlyCount "0"]

1.d4 Nf6 2.c4 e6 3.Nc3 Bb4 4.Nf3 Bxc3+ 5.bxc3 Ne4 6.Qc2 f5 7.e3 b6 8.Bd3 
Bb7 9.O-O O-O 10.Nd2 Nxd2 11.Bxd2 Qh4 12.f3 Nc6 13.Be1 Qh6 14.Kh1 Ba6 15.
Bg3 d6 16.c5 Bxd3 17.Qxd3 Rfd8 18.cxd6 cxd6 19.c4 Na5 20.Be1 Nb7 21.a4 d5 
22.Bd2 Nd6 23.cxd5 exd5 24.Bc1 Qe6 25.Re1 Re8 26.Ra2 Rac8 27.Rae2 a5 28.h3
g6 29.Ba3 Rc4 30.Bxd6 Qxd6 31.e4 fxe4 32.fxe4 Kg7 33.exd5 Rxe2 34.Qxe2 
Rxd4 35.Qe8 Rf4 36.Qe3 Rf5 37.Qd4+ Kh6 38.Rd1 Re5 39.Qf4+ Kg7 40.Qd4 Kh6 
41.Qf4+ Kg7 42.Kh2 h6 43.Qd4 Kh7 44.Kh1 h5 45.Qd3 Rf5 46.Qb3 Re5 47.Qg3 
Kg7 48.Kh2 h4 49.Qf4 Re6 50.Rd4 Qxf4+ 51.Rxf4 Rd6 52.Rxh4 Rxd5 53.Rc4 b5 
54.axb5 Rxb5 55.Rc7+ Kf6 56.Rc6+ Kf5 57.Ra6 g5 58.Ra8 Kf4 59.Rf8+ Rf5 60.
Ra8 Re5 61.Ra7 Rd5 62.Rf7+ Rf5 63.Ra7 Rc5 64.Ra8 Re5 65.Rc8 a4 66.Rf8+ Ke3
67.Ra8 Re4 68.Ra5 Kf4 69.g3+ Kf3 70.Rf5+ Ke3 71.Rxg5 Rb4 72.h4 a3 73.Ra5 
Rb2+ 74.Kh3 a2 75.h5 Ke4 76.Kh4 Rc2 77.g4 Kf4 78.Ra4+ Kf3 79.h6 Rg2 80.Kh5
Rxg4 81.Rxa2 Rg1 82.h7 Kf4 83.Rh2 1-0

[Event "40th Asia-ch U20"]
[Site "Ulaanbaatar MGL"]
[Date "2018.08.25"]
[Round "9"]
[White "Taivanbat, Chimeddorj"]
[Black "Tugstumur, Yesuntumur"]
[Result "0-1"]
[WhiteElo "1691"]
[BlackElo "2361"]
[EventDate "2018.08.19"]
[PlyCount "0"]

1.e4 c5 2.Nf3 e6 3.d4 cxd4 4.Nxd4 Nc6 5.c4 Nf6 6.Nc3 Bb4 7.Nxc6 bxc6 8.Bd3
e5 9.O-O O-O 10.Qe2 h6 11.Be3 Bxc3 12.bxc3 d6 13.Rab1 c5 14.Bc2 Qe7 15.Qd3
Bb7 16.f3 Bc6 17.Rfd1 Rfd8 18.Rb2 Ne8 19.Bb3 a5 20.Rdb1 Nc7 21.Bd1 Ne6 22.
Rb6 Qc7 23.Qc2 Rdc8 24.Be2 h5 25.g3 g6 26.Bf1 Ng7 27.Bg2 Kh7 28.f4 f6 29.
fxe5 fxe5 30.Bc1 Rcb8 31.Rxb8 Rxb8 32.Rxb8 Qxb8 33.h3 Bd7 34.Kh2 Be6 35.
Qd2 Kg8 36.Bf1 Qf8 37.Bg2 Bxc4 38.Qb2 Kh7 39.Be3 Bf1 40.Qb6 Bxg2 41.Kxg2 
Qa8 42.Kf3 d5 43.Bxc5 dxe4+ 44.Ke3 Qd5 45.Qb5 Nf5+ 46.Kf2 e3+ 47.Ke2 Qd2+ 
48.Kf3 Qd5+ 49.Ke2 Qxa2+ 50.Kd3 Qd5+ 51.Kc2 e2 52.Qxe2 Qxc5 53.g4 Nd4+ 0-1

[Event "40th Asia-ch U20"]
[Site "Ulaanbaatar MGL"]
[Date "2018.08.25"]
[Round "9"]
[White "Chinguun, Otgonbayar"]
[Black "Bulgankhan, Ganzorig"]
[Result "0-1"]
[WhiteElo "1952"]
[BlackElo "2103"]
[EventDate "2018.08.19"]
[PlyCount "0"]

1.d4 Nf6 2.c4 g6 3.Nc3 Bg7 4.e4 O-O 5.Nge2 d6 6.Ng3 e5 7.d5 Nbd7 8.Be2 h5 
9.Bg5 a6 10.Qd2 Qe8 11.O-O Nh7 12.Bh6 h4 13.Bxg7 Kxg7 14.Nh1 f5 15.exf5 
gxf5 16.f4 e4 17.Qd4+ Ndf6 18.Qf2 h3 19.Qg3+ Qg6 20.Qxh3 Kh8 21.Ng3 Bd7 
22.Rae1 Rae8 23.Bh5 Nxh5 24.Qxh5 Qg7 25.Kh1 Rf6 26.Qd1 Rh6 27.Nh5 Qg6 28.
Qd4+ Kg8 29.g4 fxg4 30.Ng3 c5 31.f5 Rxh2+ 32.Kg1 Qh6 33.Qe3 Ng5 34.f6 Nf3+
35.Rxf3 exf3 36.Qxh6 Rxh6 37.Rxe8+ Bxe8 38.Nce4 Bd7 39.Nxd6 Rxf6 40.Nde4 
Rf7 41.Nxc5 Bf5 42.d6 b6 43.Nce4 Bxe4 44.Nxe4 Kf8 45.Kf2 Rf4 46.Nc3 g3+ 
47.Kxg3 f2 48.Kxf4 f1=Q+ 49.Ke5 Qe1+ 50.Kd5 Qh1+ 51.Ke6 Qh3+ 52.Kd5 Qg2+ 
53.Ke6 Qg4+ 54.Kd5 Qf3+ 55.Ke6 Qf7+ 56.Ke5 Qxc4 57.Nd5 Qe2+ 58.Kf5 Kf7 0-1

[Event "40th Asia-ch U20"]
[Site "Ulaanbaatar MGL"]
[Date "2018.08.25"]
[Round "9"]
[White "Azjargal, Erdenebat"]
[Black "Baasansuren, Erdene"]
[Result "0-1"]
[WhiteElo "1564"]
[BlackElo "2240"]
[EventDate "2018.08.19"]
[PlyCount "0"]

1.e4 c5 2.Nf3 d6 3.d4 cxd4 4.Nxd4 Nf6 5.Nc3 a6 6.Bg5 Nbd7 7.f4 Qc7 8.Qf3 
h6 9.Bxf6 Nxf6 10.Bd3 e5 11.Nde2 Be7 12.O-O-O O-O 13.h3 b5 14.a3 Bb7 15.g4
d5 16.exd5 Rfd8 17.Rhf1 Nxd5 18.Nxd5 Bxd5 19.Bh7+ Kxh7 20.Rxd5 exf4 21.Kb1
g5 22.Rfd1 Bf6 23.Nc3 Kg7 24.h4 Bxc3 25.bxc3 Qe7 26.Kb2 Rxd5 27.Qxd5 Rc8 
28.hxg5 hxg5 29.Rh1 Qf6 30.Qd3 Rh8 31.Re1 Rd8 32.Qe4 Rc8 33.Qd3 Rc4 34.Rh1
f3 35.Rf1 f2 36.Qe3 Rf4 37.Kc1 Rf3 38.Qd4 Qxd4 39.cxd4 f5 40.gxf5 g4 41.
Kd2 g3 42.Ke2 Rxf5 43.c3 Rf8 44.d5 g2 45.Rxf2 g1=Q 46.Rxf8 Kxf8 47.d6 Ke8 
48.Kd3 Kd7 0-1

[Event "40th Asia-ch U20"]
[Site "Ulaanbaatar MGL"]
[Date "2018.08.25"]
[Round "9"]
[White "Azhigulov, Nurmat"]
[Black "Anand, Batsukh"]
[Result "1/2-1/2"]
[WhiteElo "1721"]
[BlackElo "1682"]
[EventDate "2018.08.19"]
[PlyCount "0"]

1.d4 Nf6 2.c4 g6 3.Nc3 Bg7 4.e4 d6 5.Nf3 O-O 6.Be2 e5 7.dxe5 dxe5 8.Qxd8 
Rxd8 9.Bg5 c6 10.Nxe5 Re8 11.f4 Nh5 12.Bxh5 gxh5 13.Bh4 Nd7 14.Nxd7 Bxc3+ 
15.bxc3 Rxe4+ 16.Kd2 Bxd7 17.Rhe1 Rxf4 18.Bg3 Rxc4 19.Re5 Rg4 20.Re7 Be6 
21.Rxb7 h4 22.Be5 Rxg2+ 23.Ke3 Bxa2 24.Bb8 Bd5 25.Raxa7 Rxa7 26.Rxa7 Rg4 
27.Bf4 Kg7 28.Ra4 Kg6 29.c4 Be6 30.c5 Bd5 31.Rd4 Kf5 32.Bd6 h3 33.Rf4+ Kg6
34.Be7 Rg1 35.Bd6 Ra1 36.Rh4 f5 37.Rb4 Ra3+ 38.Kd2 Be4 39.Rb8 Kf7 40.Rb2 
1/2-1/2

[Event "40th Asia-ch U20"]
[Site "Ulaanbaatar MGL"]
[Date "2018.08.25"]
[Round "9"]
[White "Chinguun, Sumiya"]
[Black "Itgelt, Khuyagtsogt"]
[Result "1-0"]
[WhiteElo "2108"]
[BlackElo "2119"]
[EventDate "2018.08.19"]
[PlyCount "0"]

1.e4 e6 2.d4 d5 3.Nc3 Nf6 4.Bg5 dxe4 5.Nxe4 Be7 6.Bxf6 Bxf6 7.Nf3 O-O 8.
Nxf6+ Qxf6 9.Bd3 Nd7 10.O-O c5 11.c3 cxd4 12.cxd4 Rd8 13.Rc1 Nf8 14.Rc7 
Bd7 15.Ne5 Be8 16.Rxb7 Ng6 17.Bxg6 hxg6 18.Rc7 Rab8 19.b3 Rb4 20.Nf3 a5 
21.Qd2 Rb5 22.Rfc1 e5 23.dxe5 Rxe5 24.Qxd8 Qxd8 25.Nxe5 Kh7 26.Rc8 Qe7 27.
Nf3 g5 28.Re1 Qa3 29.Rcxe8 g4 30.Nd4 Qxa2 31.R8e4 Qd2 32.g3 Qc3 33.Rf1 Qc8
34.Rd1 f6 35.Re7 Qc5 36.Rxg7+ Kh6 37.Rd7 Qb4 38.Rc7 Qb6 39.Ne6 Qxb3 40.Nf4
Kg5 41.Rcc1 a4 42.Ra1 Qb4 43.Rd3 Kh6 44.Rda3 Qb2 45.Rxa4 f5 46.Re1 Qd2 47.
Rea1 Qb2 48.Rd1 Qc3 49.h4 gxh3 50.Rd6+ Kg5 51.Kh2 Qh8 52.Kg1 1-0

[Event "40th Asia-ch U20"]
[Site "Ulaanbaatar MGL"]
[Date "2018.08.25"]
[Round "9"]
[White "Amilal, Munkhdalai"]
[Black "Chinguun, Bayaraa"]
[Result "1-0"]
[WhiteElo "1790"]
[BlackElo "1941"]
[EventDate "2018.08.19"]
[PlyCount "0"]

1.d4 Nf6 2.Nf3 g6 3.Bf4 Bg7 4.e3 O-O 5.h3 d6 6.Be2 b6 7.O-O Bb7 8.c4 Nbd7 
9.Nc3 Qe8 10.Bh2 e5 11.Nb5 Rc8 12.Nxa7 Ra8 13.Nb5 Rc8 14.d5 Qe7 15.a4 Ba6 
16.b4 Bxb5 17.axb5 Ne4 18.Qc2 f5 19.Ra7 Ng5 20.Nxg5 Qxg5 21.Rb7 h5 22.Kh1 
f4 23.e4 Qh4 24.f3 Nf6 25.Bg1 Qg5 26.Ra1 Qh6 27.Ra6 g5 28.c5 g4 29.cxb6 
gxh3 30.gxh3 Qg6 31.Rxc7 Rxc7 32.bxc7 Qg3 33.c8=Q Ng4 34.Qxf8+ Bxf8 35.
hxg4 hxg4 36.Bf1 Qe1 37.Qe2 g3 38.Qh2 1-0

[Event "40th Asia-ch U20"]
[Site "Ulaanbaatar MGL"]
[Date "2018.08.25"]
[Round "9"]
[White "Tenuunbold, Battulga"]
[Black "Batbold, Nyamsuren"]
[Result "1/2-1/2"]
[WhiteElo "1469"]
[BlackElo "1759"]
[EventDate "2018.08.19"]
[PlyCount "0"]

1.d4 f5 2.g3 e6 3.Nh3 Nf6 4.Bg2 d5 5.O-O Bd6 6.c4 c6 7.Nf4 O-O 8.Nd3 Nbd7 
9.c5 Bb8 10.Bf4 Qe7 11.Bxb8 Rxb8 12.f4 b6 13.b4 Ne4 1/2-1/2

[Event "40th Asia-ch U20"]
[Site "Ulaanbaatar MGL"]
[Date "2018.08.25"]
[Round "9"]
[White "Ulziikhishig, Khishigbat"]
[Black "Erdemdalai, Yondonjamts"]
[Result "0-1"]
[WhiteElo "1517"]
[BlackElo "1788"]
[EventDate "2018.08.19"]
[PlyCount "0"]

1.d4 Nf6 2.c4 g6 3.Nc3 d5 4.e3 Bg7 5.h3 O-O 6.cxd5 Nxd5 7.Bc4 Nb6 8.Bb3 
Nc6 9.Nf3 e5 10.dxe5 Nxe5 11.O-O Nd3 12.Bc2 Nxc1 13.Qxc1 Qe7 14.Rb1 Be6 
15.Nd4 Bc4 16.Rd1 c5 17.Nb3 Be6 18.Ne4 Rac8 19.Nd6 Rcd8 20.Ne4 c4 21.Nd4 
Bc8 22.Ng3 f5 23.Nf3 Be6 24.Ne2 Bf7 25.Ned4 Nd5 26.Re1 Nb4 27.a3 Nxc2 28.
Qxc2 a6 29.Rbd1 Bd5 30.Nd2 b5 31.N2f3 Be4 32.Qc1 g5 33.Nh2 h5 34.Nf1 h4 
35.f3 Bb7 36.Qc2 Qf6 37.Qc3 g4 38.Nh2 gxh3 39.gxh3 f4 40.Ng4 Qb6 0-1